Datum a čas kvízu
23.5
Celkem bodů
Celkový počet nahraných bodů na tomto kvízu bez doplňovacích otázek.
2.
Pořadí na kvízu
Konečné umístění týmu na tomto kvízu.
Zaznamenané odpovědi
| # | Otázka | Odpověď | Body | Výsledky |
|---|---|---|---|---|
| 1. | Centrum pro výzkum veřejného m... | 1B 2D 3A 4C | 1 | |
| 2. | Letadlo charterové společnosti... | Edinburgh | 1 | |
| 3. | Po deseti letech výstavby otev... | o Kataru | 0 | |
| 4. | Po Zootu se v problémech ocitá... | Kulina.cz | 1 | |
| 5. | 37letý záložník, hráč klubu AC... | Marek Matějovský | 0 | |
| 6. | Vaším úkolem bude uhodnout kře... | Jaroslav / Tomáš Satoranský | 0.5 | |
| 7. | Nejstarší muž z naší trojice b... | Otokar / Karel / Michal Březina | 0 | |
| 8. | Úspěšný kanadský režisér se na... | James / David Cameron | 1 | |
| 9. | Tento anglický herec, držitel... | Clive / Michael Owen | 0 | |
| 10. | Americký politik a aktivista,... | John / James / Melanie Brown | 0 |